书目信息 |
| 题名: |
一品红新品种DUS测试原理与技术
|
|
| 作者: | 孙强 , 王焱 主编 | |
| 分册: | ||
| 出版信息: | 上海 上海科学技术出版社 2018 |
|
| 页数: | 118页 | |
| 开本: | 21cm | |
| 丛书名: | ||
| 单 册: | ||
| 中图分类: | S685.230.23 | |
| 科图分类: | ||
| 主题词: | 一品红--品种特性--测试技术 | |
| 电子资源: | ||
| ISBN: | 978-7-5478-4096-2 | |
| 000 | 00916nam0 2200241 450 | |
| 001 | 012001001747 | |
| 005 | 20140109081335.0 | |
| 010 | @a978-7-5478-4096-2@dCNY55.00 | |
| 100 | @a20190109d2018 em y0chiy50 ea | |
| 101 | 0 | @achi |
| 102 | @aCN@b310000 | |
| 105 | @aa z 000yy | |
| 106 | @ar | |
| 200 | 1 | @a一品红新品种DUS测试原理与技术@Ayi pin gong xin pin zhong DUS ce shi yuan li yu ji shu@f孙强,王焱主编 |
| 210 | @a上海@c上海科学技术出版社@d2018 | |
| 215 | @a118页@c彩图@d21cm | |
| 330 | @a本书在参考国内外植物新品种测试技术现状和发展方向的基础上,结合多年一品红新品种测试的经验,介绍了一品红新品种测试基本原理、测试流程、栽培管理技术、测试性状分级、典型性状拍摄规程及已知品种资源。 | |
| 606 | 0 | @a一品红@x品种特性@x测试技术 |
| 690 | @aS685.230.23@v5 | |
| 701 | 0 | @a孙强@Asun qiang@4主编 |
| 701 | 0 | @a王焱@Awang yan@4主编 |
| 801 | 0 | @aCN@b北京卓展@c20191020 |
| 905 | @b1202519-22@dS685.230.23@e529@f4 | |
| 一品红新品种DUS测试原理与技术/孙强,王焱主编.-上海:上海科学技术出版社,2018 |
| 118页:彩图;21cm |
| ISBN 978-7-5478-4096-2:CNY55.00 |
| 本书在参考国内外植物新品种测试技术现状和发展方向的基础上,结合多年一品红新品种测试的经验,介绍了一品红新品种测试基本原理、测试流程、栽培管理技术、测试性状分级、典型性状拍摄规程及已知品种资源。 |
| ● |
| 相关链接 |
|
|
|
|
正题名:一品红新品种DUS测试原理与技术
索取号:S685.230.23/529
 
预约/预借
| 序号 | 登录号 | 条形码 | 馆藏地/架位号 | 状态 | 备注 |
| 1 | 1202519 | 212025191 | 第二样本阅览室/ [索取号:S685.230.23/529] | 在馆 | |
| 2 | 1202520 | 212025208 | 第三借阅区/ [索取号:S685.230.23/529] | 在馆 | |
| 3 | 1202521 | 212025217 | 第三借阅区/ [索取号:S685.230.23/529] | 在馆 | |
| 4 | 1202522 | 212025226 | 第三借阅区/ [索取号:S685.230.23/529] | 在馆 |